000 00540nam a2200193 a 4500
001 1759670241914
003 YourLibrary
005 20251007104618.0
008 251005s2009##################000#0#eng##
020 _a9780737744385
082 0 4 _a174.2
_bFRA
100 1 _aFrancis, Amy,
_eauthor.
245 1 0 _aShould the Government Fund Embryonic Stem Cell Research? :
260 _bGreenhaven Publishing,
_c2009.
300 _a124 pages
650 0 _aBusiness & Economics.
942 _cENGLISH
040 _aYourLibrary
_beng
_cYourLibrary
999 _c591093
_d591093